|
|
|
แสดงรายละเอียดบรรณานุกรม |
|
|||
| ห้องสมุดโรงเรียนพะเยาพิทยาคม...ยินดีต้อนรับ...ทุกท่านเข้าสู่ระบบห้องสมุดอัตโนมัติ | ||||
|
Brief Record
: Get Marc (ISO 2709)
: E-mail record
: |
|
|
| LEADER 00000nam 2200000uu 4500 | |||
| 001 13399107673 | |||
| 003 ULIBM | |||
| 008 100525s||||||||th 000 0 tha d | |||
| 020 ^a974-93388-0-4 | |||
| 082 0 ^a895.91009^bศ467ส | |||
| 100 0 ^aศุภร บุนนาค | |||
| 245 0 ^aสุนทรียภาพจากฟ้ากุ้ง/^cโดย ศุภร บุนนาค | |||
| 260 ^aพิมพ์ครั้งที่ 2.^bกรุงเทพฯ :^cสถาพรบุ๊คส์;^d2552. | |||
| 300 ^a232 หน้า :^bภาพประกอบ;^c21 ซม. | |||
| 650 ^aธรรมธิเบศรไชยเชษฐ์สุริวงศ์ ,เจ้าฟ้ากุ้ง,2258-2298 | |||
| 945 ^p170^l0^i36166 | |||
| 945 ^p170^l0^i36167 | |||
| 945 ^p170^l0^i36168 | |||
| 945 ^p170^l0^i36169 | |||
| 999 ^alib1 | |||
| คุณยังไม่ได้ล็อกอิน คุณสามารถมีกิจกรรมร่วมกับเว็บไซต์ได้ แต่ต้องล็อกอินก่อน :: |
|
| สถานะ | |||||||||
| 1. | หนังสือ | 895.91009 ศ467ส ฉ.1 Barcode: 36166 | ►หนังสือทั่วไป | On Shelf ขอยืม | |||||
| 2. | หนังสือ | 895.91009 ศ467ส ฉ.2 Barcode: 36167 | ►หนังสือทั่วไป | On Shelf ขอยืม | |||||
| 3. | หนังสือ | 895.91009 ศ467ส ฉ.3 Barcode: 36168 | ►หนังสือทั่วไป | On Shelf ขอยืม | |||||
| 4. | หนังสือ | 895.91009 ศ467ส ฉ.4 Barcode: 36169 | ►หนังสือทั่วไป | On Shelf ขอยืม | |||||
| [แสดง 4/4 รายการ] | |||||||||
หนังสือดีน่าอ่าน

“ดั่งดวงแก้ว ส่องสว่าง ทางสายงาม”
จัดทำขึ้นเพื่อเฉลิมพระเกียรติ สมเด็จพระเทพรัตนราชสุดา ฯ สยามบรมราชกุมารี
เนื่องในโอกาสมหามงคลเฉลิมพระชนมพรรษา ๕ รอบ ๒ เมษายน ๒๕๕๘
โดยหนังสือเล่มนี้ได้รวบรวม ๖๐ พระอัจฉริยภาพของสมเด็จพระเทพ ฯ
ผู้อ่านจะได้รับแรงบันดาลใจให้พากเพียรเรียนรู้และขยันอดทนทำการงาน
ตามรอยเบื้องพระยุคลบาท เพราะพระองค์ทรงเป็นแบบอย่างอันดีเยี่ยมในทุกด้าน
ทั้งในความใฝ่รู้ใฝ่เรียน คุณธรรมจริยธรรม พระวิริยอุตสาหะในการทรงงาน
และอื่นๆอีกมากมาย ล้วนสามารถสร้างแรงบันดาลใจให้แก่เด็กและเยาวชน
อีกทั้งประชาชนทั่วไป ให้พากเพียรเรียนรู้และขยันอดทนทำการงานตามรอยพระยุคลบาท
เพื่อฝึกฝนตนเองให้เป็นคนดีคนเก่งของครอบครัวและสังคมต่อไป

แสดงความเห็นเกี่ยวกับหนังสือเล่มนี้ |
| คอมเมนท์ทรัพยากรรายการนี้ |
|
ห้องสมุดเฉลิมพระเกียรติกาญจนาภิเษก โรงเรียนพะเยาพิทยาคม อำเภอเมือง จังหวัดพะเยา 56000
![]()
![]()
E-mail :
Library Phayaopittayakom
05-4431-275 ต่อ 4621